KOHA-Header-6

Introducation to psychology (Record no. 9806)

000 -LEADER
fixed length control field 00255nam a2200109Ia 4500
100 ## - MAIN ENTRY--AUTHOR NAME
Personal name Hilgard,s
245 #0 - TITLE STATEMENT
Title Introducation to psychology
260 ## - PUBLICATION, DISTRIBUTION, ETC. (IMPRINT)
Place of publication Canada
Name of publisher Pearson
Year of publication 2005
300 ## - PHYSICAL DESCRIPTION
Number of Pages 124
942 ## - ADDED ENTRY ELEMENTS (KOHA)
Koha item type Books
Holdings
Withdrawn status Lost status Collection code Permanent Location Current Location Shelving location Date acquired Full call number Accession Number Koha item type
    Psychology MAJU MAJU Shelf No.A35 2019-09-14 505.75 5776 Psychology

Powered by Koha